טוען...

Lenin a revolutionary life/

מידע ביבליוגרפי
מחבר ראשי: Read,Christopher
פורמט: Printed Book
יצא לאור: London: Routledge, 2005.
LEADER 00447nam a22001337a 4500
020 |a 0415206499 
082 |a 947.08411 REA/L 
100 |a Read,Christopher 
245 |a Lenin a revolutionary life/  |c Christopher Read 
260 |a London:  |b Routledge,  |c 2005. 
300 |a 311p. 
942 |c BK 
999 |c 258187  |d 258187 
952 |0 0  |1 0  |4 0  |6 947_084110000000000_REA_L  |7 0  |9 287476  |a RUS  |b RUS  |c ST1  |d 2005-01-15  |i 6314  |l 0  |o 947.08411 REA/L  |p RUS6314  |r 2014-02-14  |w 2014-02-14  |y BK